000 01013nam a22002657a 4500
999 _c21091
_d21091
003 AR-CdUCM
008 190325b ||||| |||| 00| 0 spa d
040 _aMUNICIPALIDAD PROVINCIAL DEL CUSCO
_cBIBLIOTECA MUNICIPAL DEL CUSCO
082 _a600 /
_bP87
100 _aCorde Cusco
_943952
245 _aProyecto Estudio de las Cuencas Hidrográficas :
_bPara la defensa del patrimonio monumental del Cusco /
260 _aCusco :
_c1984.
300 _a30 páginas ;
_c55 cm.
440 _aGerencia de promoción del desarrollo
_943953
505 _aContenido : Las cuencas hidrográficas -- Cuencas hidrográficas como unidades espaciales -- Elementos geográficos de las cuencas hidrográficas -- Los ríos y la dinámica fluvial ...
650 _aPlano Geológico
_943954
650 _aCuencas
_924182
650 _aDepósitos aluviales
_943955
650 _aPlanos
_913064
650 _aRios
_9918
700 _aTeves, R
_943956
700 _aBenavente, R
_943957
942 _2ddc
_cLIBROS
945 _arcc